Svetová obchodná organizácia (WTO) a jej úloha v súčasnom rozvoji medzinárodného obchodu bakalárska práca

Salvato in:
Dettagli Bibliografici
Autore principale: Mikušová, Kristína
Ente Autore: Obchodná fakulta EU. Katedra medzinárodného obchodu
Altri autori: Krajčíková, Andrea
Natura: Libro
Lingua:slovacco
Pubblicazione: Bratislava 2018
Tags: Aggiungi Tag
Nessun Tag, puoi essere il primo ad aggiungerne!!

MARC

LEADER 00000nbm a2200000 4500
001 0245059
005 20180926143801.3
041 0 |a slo 
044 |a SK 
245 1 0 |a Svetová obchodná organizácia (WTO) a jej úloha v súčasnom rozvoji medzinárodného obchodu  |b bakalárska práca  |c Kristína Mikušová ; školiteľ: Andrea Krajčíková 
264 1 |a Bratislava  |c 2018 
300 |a 54 s. 
100 1 |a Mikušová, Kristína 
700 1 |a Krajčíková, Andrea 
710 2 |a Obchodná fakulta EU. Katedra medzinárodného obchodu